Theatres in Roman Palestine and Provincia Arabia /
This volume deals with the architectural history of the theatre in Roman Palestine and Provincia Arabia, a region which comprised a Jewish, Nabataean, and Hellenized population but lacked any tradition of classical theatre. The earliest examples, erected by Herod, were actually a foreign imposition...
المؤلف الرئيسي:
التنسيق: كتاب الكتروني
اللغة: English
منشور في:
Leiden ; New York :
E.J. Brill,
1995.
سلاسل:
Mnemosyne, Supplements
140.
Mnemosyne Supplements Online, Volumes 1-203, ISBN: 9789004381049.
الموضوعات:
الوصول للمادة أونلاين: Login to view Source
الوسوم: إضافة وسم
رقم الطلب: NA335.M628 S45 1995
| LEADER | 03744cam a2200565Ii 4500 | ||
|---|---|---|---|
| 001 | BRILL9789004329454 | ||
| 003 | nllekb | ||
| 005 | 20230529212656.0 | ||
| 006 | m d | ||
| 007 | cr un uuuua | ||
| 008 | 940608s1995 ne abf sb 001 0 eng d | ||
| 010 | |a 94003484 | ||
| 020 | |a 9789004329454 |q (electronic book) | ||
| 020 | |z 9789004101456 |q (print) | ||
| 024 | 7 | |a 10.1163/9789004329454 |2 DOI | |
| 035 | |a (OCoLC)30667037 | ||
| 040 | |a NL-LeKB |c NL-LeKB |e rda | ||
| 043 | |a aw----- | ||
| 050 | 4 | |a NA335.M628 |b S45 1995 | |
| 072 | 7 | |a DSBB |2 bicssc | |
| 072 | 7 | |a LIT011000 |2 bisacsh | |
| 082 | 0 | 4 | |a 725/.827/09394 |2 20 |
| 100 | 1 | |a Segal, Arthur. | |
| 245 | 1 | 0 | |a Theatres in Roman Palestine and Provincia Arabia / |c by Arthur Segal. |
| 264 | 1 | |a Leiden ; |a New York : |b E.J. Brill, |c 1995. | |
| 300 | |a 1 online resource (viii, 117 pages, [92] pages of plates) : |b illustrations, maps. | ||
| 336 | |a text |b txt |2 rdacontent | ||
| 337 | |a computer |b c |2 rdamedia | ||
| 338 | |a online resource |2 rdacarrier | ||
| 490 | 1 | |a Mnemosyne, bibliotheca classica Batava. Supplementum, |x 0169-8958 ; |v 140 | |
| 504 | |a Includes bibliographical references (p. 103-111) and index. | ||
| 505 | 0 | 0 | |t Preliminary Material / |r Arthur Segal -- |t Historical-Archaeological Introduction / |r Arthur Segal -- |t Architectural Analysis / |r Arthur Segal -- |t Glossary of Roman Theatre Architectural Terms / |r Arthur Segal -- |t Corpus / |r Arthur Segal -- |t Table of Comparative Data / |r Arthur Segal -- |t List of Abbreviations / |r Arthur Segal -- |t Bibliography / |r Arthur Segal -- |t Illustration Credits / |r Arthur Segal -- |t Index / |r Arthur Segal -- |t Figures / |r Arthur Segal -- |t Supplements to Mnemosyne. |
| 506 | |a Available to subscribing member institutions only. | ||
| 520 | |a This volume deals with the architectural history of the theatre in Roman Palestine and Provincia Arabia, a region which comprised a Jewish, Nabataean, and Hellenized population but lacked any tradition of classical theatre. The earliest examples, erected by Herod, were actually a foreign imposition upon the landscape of Judaea, while the theatres built in the Nabataean kingdom provided no more than an architectural setting for activities which were often unrelated to theatre in the accepted sense. When the Hellenized cities in the region began building their theatres, classical plays were already disappearing from the stage throughout the Roman world, their place taken by lighter, less select forms of public entertainment. The author then offers a comprehensive architectural analysis of each of the thirty theatres so far uncovered in the area. Richly illustrated, it provides a vivid reconstruction of a world which, though long gone, continues to fascinate. | ||
| 559 | 4 | |a NA335.M628 S45 1995 | |
| 650 | 0 | |a Theaters |z Middle East. | |
| 650 | 0 | |a Amphitheaters |z Middle East. | |
| 650 | 0 | |a Architecture, Roman |z Middle East. | |
| 650 | 7 | |a Amphitheaters. |2 fast | |
| 650 | 7 | |a Architecture, Roman. |2 fast | |
| 650 | 7 | |a Theaters. |2 fast | |
| 651 | 7 | |a Middle East. |2 fast | |
| 776 | 0 | 8 | |i Online version: |a Segal, Arthur. |t Theatres in Roman Palestine and Provincia Arabia. |d Leiden ; New York : E.J. Brill, 1995 |w (OCoLC)607870165 |
| 776 | 0 | 8 | |i Online version: |a Segal, Arthur. |t Theatres in Roman Palestine and Provincia Arabia. |d Leiden ; New York : E.J. Brill, 1995 |w (OCoLC)622422065 |
| 830 | 0 | |a Mnemosyne, Supplements |v 140. | |
| 830 | 0 | |a Mnemosyne Supplements Online, Volumes 1-203, ISBN: 9789004381049. | |
| 856 | 4 | |z DOI: |u http://dx.doi.org/10.1163/9789004329454 | |
| 942 | |2 lcc |c EBOOK | ||
| 952 | |0 0 |1 0 |2 lcc |4 0 |6 NA0335 M628 S45 01995 |7 1 |9 48907 |a BRILL |b BRILL |d 2023-05-29 |l 0 |o NA335.M628 S45 1995 |r 2023-05-29 00:00:00 |w 2023-05-29 |y EBOOK | ||
| 999 | |c 54251 |d 54251 | ||
